Griechische geschichte / (Record no. 48094)

MARC details
000 -LEADER
campo de control de longitud fija 00481nam a22001695i 4500
001 - NÚMERO DE CONTROL
campo de control 48094
003 - IDENTIFICADOR DE NÚMERO DE CONTROL
campo de control ES-MaACL
007 - CAMPO FIJO DE DESCRIPCIÓN FÍSICA--INFORMACIÓN GENERAL
campo de control de longitud fija t|
008 - DATOS DE LONGITUD FIJA--INFORMACIÓN GENERAL
campo de control de longitud fija 981119s1858 gw ||||1| ger d
040 ## - FUENTE DE CATALOGACIÓN
Centro catalogador/agencia de origen CAM
Lengua de catalogación spa
Centro/agencia transcriptor CCPB
100 1# - ENTRADA PRINCIPAL--NOMBRE DE PERSONA
Nombre de persona Curtius, Ernst.
9 (RLIN) 42251
245 10 - MENCIÓN DEL TÍTULO
Título Griechische geschichte /
Mención de responsabilidad, etc. von Ernst Curtius.
260 ## - PUBLICACIÓN, DISTRIBUCIÓN, ETC.
Lugar de publicación, distribución, etc. Berlin :
Nombre del editor, distribuidor, etc. Weidmannsche Buchhandlung,
Fecha de publicación, distribución, etc. 1858-1878.
300 ## - DESCRIPCIÓN FÍSICA
Extensión 3 v. ;
Dimensiones 21 cm.
500 ## - NOTA GENERAL
Nota general El tercer volumen es de la 4ª ed.
852 ## - LOCALIZACIÓN
Ubicación ES-MaACL
Número de control de estantería G-1193-5
Holdings
Estatus retirado Estado de pérdida Estado de daño No para préstamo Colección Biblioteca de origen Biblioteca actual Ubicación en estantería Fecha de adquisición Fuente de adquisición Total de préstamos Signatura topográfica completa Código de barras Visto por última vez Precio de reemplazo Tipo de ítem Koha
        Libros del s. XIX Biblioteca del Ateneo de Madrid Biblioteca del Ateneo de Madrid Depósito 2 17/01/2008     G-1193-5 1050618 23/02/2023 23/02/2023 Libro impreso antiguo